Shivraj Singh and rise of Madhya Pradesh / (Record no. 93938)

MARC details
000 -LEADER
fixed length control field 00574nam a22001817a 4500
010 ## - LCCN (DPL NO)
LC control number ENG-113223
020 ## - INTERNATIONAL STANDARD BOOK NUMBER
International Standard Book Number 9789382711353
Terms of availability 399.00
035 ## - SYSTEM CONTROL NUMBER
System control number EN-96755
037 ## - SOURCE OF ACQUISITION
Source of stock number/acquisition DBAD/PUB
082 ## - DEWEY DECIMAL CLASSIFICATION NUMBER
Classification number 920
100 ## - MAIN ENTRY--PERSONAL NAME
Personal name Khandekar, Abhilash
245 ## - TITLE STATEMENT
Title Shivraj Singh and rise of Madhya Pradesh /
Statement of responsibility, etc by Abhilash Khandekar
260 ## - PUBLICATION, DISTRIBUTION, ETC. (IMPRINT)
Place of publication, distribution, etc New Delhi
Name of publisher, distributor, etc Vitasta Publishing
Date of publication, distribution, etc 2014
270 ## - ADDRESS
Address 2/15, Ansari Road, Daryaganj
City New Delhi
Postal code 110002
300 ## - PHYSICAL DESCRIPTION
Extent 193p.
Dimensions 22cm(Hb)
500 ## - GENERAL NOTE
General note Includes bibliographical references and index
942 ## - ADDED ENTRY ELEMENTS (KOHA)
Source of classification or shelving scheme Dewey Decimal Classification
Item type English Books
Call number suffix SHI
Classification part 920
Holdings
Withdrawn status Lost status Not for loan Collection code Home library Current library Date acquired Source of acquisition Cost, normal purchase price Full call number Barcode Copy number Cost, replacement price Koha item type
    Not For Loan Non-fiction D.B.Act.Division D.B.Act.Division 26/05/2015 DBAD/PUB 399.00 920 SHI EN-96755 1 399.00 English Books

© Delhi Public Library
Hit Counter
free hit counter